Statistics for Guess the Taylor Swift Song (no hints) 49

Click here to take the quiz!

General Stats

  • This quiz has been taken 45 times
  • The average score is 316 of 354

Answer Stats

Answer% Correct
I
100%
in
98%
me,
98%
me
98%
the
98%
we
98%
were
98%
you
98%
You
98%
it
95%
my
95%
on
95%
when
95%
your
95%
Your
95%
a
93%
And
93%
and
93%
do
93%
for
93%
For
93%
(for
93%
(For
93%
mine,
93%
mine
93%
never
93%
"Never
93%
of
93%
So
93%
you're
93%
all
90%
all)
90%
all,
90%
August
90%
back
90%
Back
90%
can
90%
had
90%
like
90%
love
90%
no
90%
then
90%
"Are
88%
away
88%
But
88%
ever
88%
have
88%
hope
88%
moment
88%
see
88%
slipped
88%
time
88%
to
88%
To
88%
"us"
88%
us
88%
was
88%
air,
85%
anything
85%
bottle
85%
call
85%
call?
85%
'Cause
85%
door
85%
into
85%
livin'
85%
lose
85%
lose,
85%
lost
85%
more
85%
Salt
85%
say,
85%
summer
85%
sure?"
85%
wine
85%
at
83%
bedsheets
83%
before"
83%
case
83%
could
83%
enough
83%
"Get
83%
just
83%
live
83%
mall"
83%
"Meet
83%
memory
83%
much
83%
needed
83%
Remember
83%
remember
83%
remember?
83%
you'd
83%
behind
80%
Cancel
80%
car"
80%
plans
80%
said,
80%
sun
80%
twisted
80%
weren't
80%
Whispers
80%
beneath
78%
better
78%
canceled
78%
rust
78%
saying
78%
still
78%
up
78%
Wanting
78%
changin'
75%
name
75%
pulled
75%
school?
75%
write
75%
thinkin'
73%
Will
73%
Wishin'
73%
sipped
70%

Score Distribution

Percentile by Number Answered

Percent of People with Each Score

Your Score History

You have not taken this quiz